[Event "Varsity Oxbridge m 126th"]
[Site "London"]
[Date "2008.03.08"]
[Round "1.2"]
[White "Roberson, Peter T"]
[Black "Kangur, Alvar"]
[Result "1/2-1/2"]
[WhiteElo "2220"]
[BlackElo "2231"]
[PlyCount "88"]
[EventDate "2008.03.08"]
[EventType "team"]
[EventRounds "1"]
[EventCountry "ENG"]
[SourceTitle "CBM 123 Extra"]
[Source "ChessBase"]
[SourceDate "2008.05.06"]
[SourceVersion "1"]
[SourceVersionDate "2008.05.06"]
[SourceQuality "1"]

1. e4 c5 2. Nc3 g6 3. d4 cxd4 4. Qxd4 Nf6 5. Nf3 Nc6 6. Qa4 d6 7. e5 dxe5 8. Nxe5 Bd7 9. Nxd7 Qxd7 10. Be3 Bg7 11. Rd1 Qc8 12. Be2 0-0 13. 0-0 Rd8 14. Rxd8+ Qxd8 15. Rd1 Qc8 16. Qa3 Qf5 17. Qa4 h5 18. h3 Qe6 19. Bf3 a6 20. Bxc6 bxc6 21. Qb3 Qxb3 22. axb3 Kf8 23. Kf1 Ke8 24. Bd4 Bh6 25. Bxf6 exf6 26. Ne4 f5 27. Nc5 Bf8 28. Nd3 Bd6 29. Ke2 Ke7 30. Ra1 a5 31. Ra4 Kd7 32. Kd1 c5 33. Ne1 Kc6 34. Nf3 f6 35. Nd2 Kb5 36. Nc4 Bc7 37. Na3+ Kc6 38. Nc4 Kb5 39. Na3+ Kc6 40. c3 Rd8+ 41. Kc2 Re8 42. Kd2 Rd8+ 43. Kc2 Re8 44. Kd2 Rd8+ 1/2-1/2

[Event "EST-chT"]
[Site "Parnu/Tallinn"]
[Date "2001.04.06"]
[Round "?"]
[White "Kangur, Alvar"]
[Black "Luik, Helmuth"]
[Result "1-0"]
[WhiteElo "2265"]
[BlackElo "2234"]
[PlyCount "67"]
[EventDate "2001.04.06"]
[EventType "team-tourn"]
[EventRounds "8"]
[EventCountry "EST"]
[SourceTitle "CBM 081 Extra"]
[Source "ChessBase"]
[SourceDate "2001.05.06"]
[SourceVersion "1"]
[SourceVersionDate "2001.05.06"]
[SourceQuality "1"]

1. e4 e5 2. Nc3 Bc5 3. Bc4 Nf6 4. d3 d6 5. Na4 Bb6 6. Nxb6 axb6 7. f4 Nbd7 8. Nf3 Qe7 9. 0-0 h6 10. Qe1 c6 11. a3 Nh5 12. fxe5 dxe5 13. Nh4 Ndf6 14. Qf2 b5 15. Bb3 g6 16. h3 Be6 17. Bxe6 Qxe6 18. g4 Nf4 19. Bxf4 exf4 20. Qxf4 Nh7 21. Nf3 0-0-0 22. a4 b4 23. a5 c5 24. Nd2 Ng5 25. Kg2 Nxh3 26. Kxh3 h5 27. Nc4 g5 28. Qg3 Rd4 29. Nb6+ Kd8 30. Qb8+ Ke7 31. Qxb7+ Kd6 32. Rf5 b3 33. Nc4+ Rxc4 34. Rd5+ 1-0